Normal view
MARC view
- Water
Entry Topical Term
001 - CONTROL NUMBER
- control field: 2539
003 - CONTROL NUMBER IDENTIFIER
- control field: NUST
005 - DATE AND TIME OF LATEST TRANSACTION
- control field: 20170613115658.0
008 - FIXED-LENGTH DATA ELEMENTS
- fixed length control field: 170613|| aca||aabn | a|a d
040 ## - CATALOGING SOURCE
- Original cataloging agency: NUST
- Transcribing agency: NUST
150 ## - HEADING--TOPICAL TERM
- Topical term or geographic name entry element: Water
- General subdivision: Pollution.
670 ## - SOURCE DATA FOUND
- Source citation: Work cat.: (NUST)0: Schmitz, Richard J. 2538, Introduction to water pollution biology /, c1996.
